| 000 | 00952nam a22003137a 4500 | ||
|---|---|---|---|
| 001 | BR2018001789 | ||
| 003 | BR-BrBNA | ||
| 005 | 20230928105335.0 | ||
| 007 | ta | ||
| 008 | 230509b bl.||||| |||| 00| 0 por d | ||
| 040 |
_aBR-BrBNA _bpor _cBiblioteca Nacional de Agricultura |
||
| 041 | _a(Eng, Por) | ||
| 072 |
_aP34 _b0336 _b1440 |
||
| 090 | _ 0336 BR2018001789 | ||
| 100 | 1 | _aFarias, T.P. | |
| 110 | 1 |
_aUniversidade Federal de Lavras, MG (Brasil) _0Tese (Doutorado) |
|
| 245 | 1 | _aExopolysaccharides produced by rhizobia strains for use in the formulation of inoculants | |
| 260 | 3 |
_aLavras, MG (Brasil): _c2017. |
|
| 300 | _a108 p. | ||
| 500 | _aSummaries (Eng, Por); Several bibliography; 10 illus.; 6 tables | ||
| 650 | _aSOJA | ||
| 650 | _aFEIJÃO DE CORDA | ||
| 650 | _aLEGUMINOSA | ||
| 650 | _aFIXAÇÃO DE NITROGÊNIO | ||
| 650 | _aSIMBIOSE | ||
| 650 | _aINOCULANTE | ||
| 909 |
_a202309 _bLucia _c55 _dLucia Elande |
||
| 942 | _cBK | ||
| 999 |
_c84725 _d84725 |
||